000 00331 a2200109 4500
245 _aThe Truth Will Make You Free
_b : A compendium of Christian Social Teaching
_hText
111 _aChurches in Manicaland (Organization)
650 _aRELIGION
005 20191017172327.0
260 _aMutare
_bChurches in Manicaand
_c2006
041 _aEnglish
084 _aNONE
999 _c8739
_d8739